Hydrogeologická mapa Východoslovenskej nížiny

Podrobná bibliografia
Hlavní autori: Jetel, Ján (Author), Sihelníková, A. (Author), Šoltésová, Eva (Author)
Médium: Článok
Jazyk:Slovak
Témy:
Zdroj: 1. Geologické práce. Správy 1. 0433-4795 1. Č. 105 (2001), s. 95-96
LEADER 00969nab#a2200325#ar4500
001 000046331
003 SVKKK
005 20060904134359.0
008 030729c2001 xo e sloo
FMT
015 |a SNBRB2002/08-xxxxx 
038 |a SVKKK 
040 |a SVKKK  |b slo  |e AACR2 
041 0 |a slo 
044 |a xo  |c SK 
080 |a 556.3(234.372.3)(084.3)  |2 1981 
100 1 |a Jetel, Ján  |4 aut 
245 1 0 |a Hydrogeologická mapa Východoslovenskej nížiny  |c Ján Jetel, A. Sihelníková, Eva Šoltésová 
504 |a Bibliogr. odkazy 
650 0 4 |a mapy hydrogeologické  |x vysvetlivky  |z Východoslovenská nížina (Slovensko) 
651 4 |a Východoslovenská nížina (Slovensko)  |x hydrogeológia 
700 1 |a Sihelníková, A.  |4 aut 
700 1 |a Šoltésová, Eva  |4 aut 
773 0 |t Geologické práce. Správy  |x 0433-4795  |g Č. 105 (2001), s. 95-96 
958 |a NB 
958 |a SK 
974 |a 244  |d 20020822 
992 |a RBX 
BAS
998 |a GEO